000
00283nam a22001337a 4500
008
170329b xxu||||| |||| 00| 0 eng d
020
_a
15728500094
041
_a
eng
080
_a
616-053.2
100
_a
8
101
_a
SHM
245
_a
BRIGHT FUTURES
_c
GREEN, M
942
_2
udc
_c
BK
999
_c
9046
_d
9046